Přehled prací INORGA 1986

Uložené v:
Podrobná bibliografia
Médium: Kniha
Jazyk:Czech
Vydavateľské údaje: Praha Ústav pro automat. říz. v prům. 1986
Vydanie:1. vyd.
Tagy: Pridať tag
Žiadne tagy, Buďte prvý, kto otaguje tento záznam!

MARC

LEADER 00000nam a2200000 4500
001 c025704
005 20221220072509.6
041 0 |a cze 
044 |a CZ 
245 1 0 |a Přehled prací INORGA 1986 
250 |a 1. vyd. 
264 1 |a Praha  |b Ústav pro automat. říz. v prům.  |c 1986 
300 |a 33 s.